| 000 | 01194nam a2200289 i 4500 | ||
|---|---|---|---|
| 001 | 181038 | ||
| 003 | ES-MaACL | ||
| 005 | 20231004135244.0 | ||
| 008 | 121005s2008 sp a b |||| | spa d | ||
| 020 | _a978-84-935477-4-5 | ||
| 080 | _a012 Cossío, Manuel B. | ||
| 080 | _a016:929 Cossío, Manuel B. | ||
| 100 | 0 |
_aRodríguez Arnáez, José Manuel A. _998353 |
|
| 245 | 1 | 0 |
_aCossío : _bcatálogo bibliográfico / _cJosé Manuel A. Rodríguez Arnáez. |
| 250 | _a1ª ed. | ||
| 260 |
_a[La Coruña] : _bFundación Jiménez Cossío, _c2008. |
||
| 300 |
_a342 p. : _bil. ; _c24 cm. |
||
| 500 | _aEn port.: 150 aniversario del nacimiento (Haro, La Rioja, 1857-Collado Mediano, Madrid, 1932) | ||
| 500 | _aEn port.: 150 aniversario de la edición príncipe de "El Greco" (1907-1908) | ||
| 504 | _aBibliografía: p. 337-341. | ||
| 600 | 1 | 7 |
_aCossío, Manuel B., _d1857-1935- _vBibliografías _9151560 |
| 852 |
_aES-MaACL _jA-12252 _9187921 _bR.146600 _cDEPO1 _dOlim: N-5257 _xDonacion:Del autor José Manuel A. Rodríguez Arnaez |
||
| 903 |
_998353 _aRodríguez Arnáez, José Manuel A. _ednr |
||
| 942 |
_2udc _cMONOGRAFIA |
||
| 999 |
_c181038 _d181038 |
||